Guru Dutt through light and shade / (Record no. 41874)

MARC details
000 -LEADER
fixed length control field 01107nam a22002777a 4500
005 - DATE AND TIME OF LATEST TRANSACTION
control field 20100813115918.0
010 ## - LCCN (DPL NO)
LC control number ENG-100457 G-001651
020 ## - INTERNATIONAL STANDARD BOOK NUMBER
Terms of availability 195.00
International Standard Book Number 9788183281072
035 ## - SYSTEM CONTROL NUMBER
System control number EN-83990
037 ## - SOURCE OF ACQUISITION
Source of stock number/acquisition DBAD/PUB
037 ## - SOURCE OF ACQUISITION
Source of stock number/acquisition Gift
082 ## - DEWEY DECIMAL CLASSIFICATION NUMBER
Classification number 793.31954
100 ## - MAIN ENTRY--PERSONAL NAME
Personal name Doraiswamy, Rashmi
245 ## - TITLE STATEMENT
Title Guru Dutt through light and shade /
Statement of responsibility, etc by Rashmi Doraiswamy
260 ## - PUBLICATION, DISTRIBUTION, ETC. (IMPRINT)
Place of publication, distribution, etc New Delhi
Name of publisher, distributor, etc Wisdom Tree
Date of publication, distribution, etc 2008
270 ## - ADDRESS
Address C-209/1 Mayapuri, Phase-II
City New Delhi
Postal code 110064
300 ## - PHYSICAL DESCRIPTION
Extent 124p.
Dimensions 16cm (Hb)
Other physical details ill
490 ## - SERIES STATEMENT
Series statement The Legends of Indian cinema ; Aruna Vasudev
-- 35144
650 ## - SUBJECT ADDED ENTRY--TOPICAL TERM
Topical term or geographic name as entry element Dance
650 ## - SUBJECT ADDED ENTRY--TOPICAL TERM
Topical term or geographic name as entry element India
700 ## - ADDED ENTRY--PERSONAL NAME
9 (RLIN) 13048
942 ## - ADDED ENTRY ELEMENTS (KOHA)
Source of classification or shelving scheme Dewey Decimal Classification
Item type English Books
Classification part 793.31954
Call number suffix DOR
Holdings
Withdrawn status Lost status Not for loan Collection code Home library Current library Date acquired Source of acquisition Cost, normal purchase price Full call number Barcode Copy number Cost, replacement price Koha item type
    Not For Loan Non-fiction D.B.Act.Division D.B.Act.Division 14/08/2010 DBAD/PUB 195.00 793.31954 DOR EN-83990 1 195.00 English Books
      Non-fiction Janak Puri Janak Puri 30/09/2011 gift 195.00 793.31954 DOR G-001651 1 195.00 English Books

© Delhi Public Library
Hit Counter
free hit counter